000
00308nam a2200133 a 4500
001
4532
003
CDMR
005
20130116135257.0
008
130130s1995||||||||||||||||||||||||||||d
040
_a
CDMR
_b
cat
_c
CPC GIRONA
245
0
_a
Estampes del segrest d'Olot
_c
Varis
260
_c
1995
_b
El Punt
942
_c
MON
999
_c
4532
_d
4532